000 00879cam a22002777a 4500
003 CHAP
005 20220329141404.0
008 971013s1948 r 00010 d
010 _a67398
011 _a68370
035 _a77842
040 _cCHAP
082 _a575.103
_bD53
245 0 _aDictionary of genetics
_b: incluiding terms used in cytology animal breeding and evolution
260 _aWaltham, Mass :
_bChrorica Botánica Company,
_c1948
300 _a183 p.
590 _aBATCH-UPD
_b10
_c20130110
_lUCH01
_h0504
590 _aBATCH-UPD
_b10
_c20130410
_lUCH01
_h0142
590 _aBATCH-UPD
_b10
_c20130914
_lUCH01
_h1535
590 _aCONVERSION
_b10
_c20130109
_lUCH01
_h1337
650 1 4 _aGenética
_xDiccionarios.
_947471
700 0 _aKnight, R. L.
_963526
901 _aBK
942 _cLIBRO
949 _a575.103 D53
_bBC
_cC
_d33724000517165
_eC
_h73566
_i77842
_mD
_si
999 _c67398
_d67398